00617nam a22001817a 450000500170000000800410001704000070005804100120006508200210007710000130009824501530011126000410026430000280030544000310033365000170036465000390038170000150042020221219095656.0221217b ||||| |||| 00| 0 eng d cAL aEnglish 223a365.45bJAIF aM C Jain aFinal Report of the Commission of Inquiry On the Assassination of Shri Rajiv Gandhi Former Prime Minister of India On 21st May 1991 At Sriperumbudur aIndiabPrime Minister of Indiac1998 a103 p.bPBc29.5x20 cm. aVolume I Chapters I To III aRajiv Gandhi aAssassination of Shri Rajiv Gandhi aJAIN (M C)